02567cam a22004694a 4500952012900000999001700129001000900146003001000155005001700165008004100182010001500223020002100238040006000259041000800319042000800327082002000335245016000355264004500515264001200560300002800572336002800600337003400628338002900662505053500691505015101226505006501377505010401442505014301546505010101689563001401790650004501804650002401849650001501873653002701888653002801915700002801943700003601971720002802007720003002035720002502065942000702090 00102ddc40708GENaFUSBCbFUSBCd2014-08-13l0o G 220.5 T772tp18507r2021-02-23 00:00:00t1w2016-01-26yBKB0IINV2023 c44957d4495761512977CO-MdFUSB20190202100322.0050825t20052005ilu b 001 0 eng  a2005024571 a1581347553 (tpb) aDLCcCO-MdFUSBdIG#dBAKERdWTSdCAPdUtOrBLWbspaerda aeng apcc 223a220.5bT77210aTranslating truth :bthe case for essentially literal Bible translation /cWayne Grudem , Leland Ryken , C. John Collings , Verns. Poythress , Bruce Winter 1aWheaton, Ill. :bCrossway Books,c[2005] 4c©2005. a157 pages ;c22 cm.b:  atextobtxt2rdacontent. asin mediaciónbn2rdamedia. avolumenbnc2rdacarrier.00aAre only some words of Scripture breathed out by God? -- Why plenary inspiration favors essentially literal Bible translation / Wayne Grudem -- Five myths about essentially literal Bible translation / Leland Ryken -- What the reader wants and the translator can give : 1 John as a test case / C. John Collins -- Truth and fullness of meaning : fullness versus reductionistic semantics in biblical interpretation / Vern Sheridan Poythress -- Revelation v. versus rhetoric : Paul and the first-century Corinthian fad / Bruce Winter.0 t¿Son solo algunas palabras de la Escritura inspiradas por Dios? -- Por qué la inspiración favorece la traducción literal / rWayne Grudem -0 tCinco mitos sobre la traducción literal /rLeland Ryken --0 tLo que el lector quiere y el traductor puede dar: 1 Juan como caso de prueba /r C. John Collins --0 tVerdad y plenitud de significado: plenitud versus semántica reduccionista en la interpretación bíblica /rVern Sheridan Poythress --0 tRevelación v. Chr. versus retórica: Pablo y la moda corinta del siglo I / rBruce Winter. -- arústico 09360aBibliabEvidencias, autoridad, etc. 091075aInspiración 0aBiblia916 aBiblia -- Traducción aBiblia -- Inspiración1 aGrudem, Wayne A.eautor aRyken, Leland9427d1942eautor aCollins, C. Jhoneautor aPoythress, Vern S.eautor aBruce, Wintereautor cBK